| 000 | 00595nam a2200145Ia 4500 | ||
|---|---|---|---|
| 008 | 171212s9999 xx 000 0 und d | ||
| 020 | _a9781921536823 | ||
| 100 | _aStewart, Jenny | ||
| 245 |
_cStewart, Jenny _aThe Dilemmas of Engagement _bThe Role of Consultation in Governance |
||
| 260 |
_bANU E Press _c2009 |
||
| 440 | _aAustralia and New Zealand School of Government (ANZSOG) | ||
| 650 | _aPolitical planning -- Citizen participation; Political participation -- Australia; Policy sciences -- Australia | ||
| 650 | _aPolitical Science | ||
| 856 | _uwww.jstor.org/stable/10.2307/j.ctt24h7p4 | ||
| 999 |
_c351354 _d351354 |
||